Las conversaciones privadas de Hitler / (Record no. 69105)
[ view plain ]
| 000 -LEADER | |
|---|---|
| campo de control de longitud fija | 00933nam a2200289 i 4500 |
| 001 - NÚMERO DE CONTROL | |
| campo de control | 69105 |
| 003 - IDENTIFICADOR DE NÚMERO DE CONTROL | |
| campo de control | ES-MaACL |
| 005 - FECHA Y HORA DE LA ÚLTIMA TRANSACCIÓN | |
| campo de control | 20250812055420.0 |
| 007 - CAMPO FIJO DE DESCRIPCIÓN FÍSICA--INFORMACIÓN GENERAL | |
| campo de control de longitud fija | t| |
| 008 - DATOS DE LONGITUD FIJA--INFORMACIÓN GENERAL | |
| campo de control de longitud fija | 040910s2004 sp ||||1| spa d |
| 020 ## - NÚMERO INTERNACIONAL ESTÁNDAR DEL LIBRO | |
| Número Internacional Estándar del Libro | 84-8432-515-6 |
| 080 ## - NÚMERO DE LA CLASIFICACIÓN DECIMAL UNIVERSAL | |
| Número de la Clasificación Decimal Universal | 929 Hitler, Adolf |
| 080 ## - NÚMERO DE LA CLASIFICACIÓN DECIMAL UNIVERSAL | |
| Número de la Clasificación Decimal Universal | 94(100)"1939/45" |
| 080 ## - NÚMERO DE LA CLASIFICACIÓN DECIMAL UNIVERSAL | |
| Número de la Clasificación Decimal Universal | 94(430)"1933/45" |
| 100 1# - ENTRADA PRINCIPAL--NOMBRE DE PERSONA | |
| Nombre de persona | Hitler, Adolf, |
| Fechas asociadas al nombre | 1889-1945 |
| 9 (RLIN) | 63836 |
| 245 14 - MENCIÓN DEL TÍTULO | |
| Título | Las conversaciones privadas de Hitler / |
| Mención de responsabilidad, etc. | introducción de Hugh Trevor-Roper. |
| 260 ## - PUBLICACIÓN, DISTRIBUCIÓN, ETC. | |
| Lugar de publicación, distribución, etc. | Barcelona : |
| Nombre del editor, distribuidor, etc. | Crítica, |
| Fecha de publicación, distribución, etc. | [2004] |
| 300 ## - DESCRIPCIÓN FÍSICA | |
| Extensión | 604 p. ; |
| Dimensiones | 24 cm. |
| 490 1# - MENCIÓN DE SERIE | |
| Mención de serie | Memoria crítica |
| 600 14 - PUNTO DE ACCESO ADICIONAL DE MATERIA--NOMBRE DE PERSONA | |
| Nombre de persona | Hitler, Adolf, |
| Fechas asociadas al nombre | 1889-1945 |
| 9 (RLIN) | 63836 |
| 650 14 - PUNTO DE ACCESO ADICIONAL DE MATERIA--TÉRMINO DE MATERIA | |
| Término de materia o nombre geográfico como elemento de entrada | Guerra mundial, 1939-1945- |
| Subdivisión geográfica | Alemania. |
| 9 (RLIN) | 13229 |
| 651 #4 - PUNTO DE ACCESO ADICIONAL DE MATERIA--NOMBRE GEOGRÁFICO | |
| Nombre geográfico | Alemania- |
| Subdivisión general | Historia- |
| Subdivisión cronológica | 1933-1945. |
| 9 (RLIN) | 7663 |
| 700 1# - ENTRADA AGREGADA--NOMBRE PERSONAL | |
| Nombre de persona | Trevor-Roper, H. R., |
| Fechas asociadas al nombre | 1914-2003 |
| 9 (RLIN) | 111357 |
| 830 0# - PUNTO DE ACCESO ADICIONAL DE SERIE-TÍTULO UNIFORME | |
| Título uniforme | Memoria crítica |
| 9 (RLIN) | 122959 |
| 852 ## - LOCALIZACIÓN | |
| Ubicación | ES-MaACL |
| Número de control de estantería | L-28057 |
| Sublocalización o colección | R.133743 |
| Estatus retirado | Estado de pérdida | Estado de daño | No para préstamo | Biblioteca de origen | Biblioteca actual | Ubicación en estantería | Fecha de adquisición | Fuente de adquisición | Total de préstamos | Signatura topográfica completa | Código de barras | Visto por última vez | Precio de reemplazo | Tipo de ítem Koha |
|---|---|---|---|---|---|---|---|---|---|---|---|---|---|---|
| Biblioteca del Ateneo de Madrid | Biblioteca del Ateneo de Madrid | Depósito 2 | 17/01/2008 | L-28057 | 1072364 | 23/02/2023 | 23/02/2023 | Libro impreso |
